[Event "22ème Open de Saint-Affrique"]
[Site "Saint Affrique (12)"]
[Date "2014.07.22"]
[Round "5.29"]
[White "Danielian, Kevin"]
[Black "Blanchon, Pascal"]
[Result "1-0"]
[WhiteElo "1848"]
[BlackElo "1637"]
[PlyCount "69"]
[EventDate "2014.??.??"]
[Source "Sylvain Rivier"]
[SourceDate "2014.07.26"]

1. d4 Nf6 2. c4 g6 3. Nc3 d5 4. cxd5 Nxd5 5. e4 Nxc3 6. bxc3 Bg7 7. Bc4 O-O 8.
Ne2 c5 9. Be3 Nc6 10. Rc1 Na5 11. Bd3 c4 12. Bb1 b5 13. h4 h5 14. Qd2 Nb7 15.
e5 Qe8 16. Bh6 Nd8 17. Bxg7 Kxg7 18. f3 f5 19. d5 e6 20. d6 Nc6 21. Qe3 Bd7 22.
Nf4 Kh7 23. Rh3 Rg8 24. Kf2 Qf8 25. Rg1 Qg7 26. Re1 Qh6 27. Ke2 Qg7 28. Kd1 Qf8
29. Rg3 Qd8 30. Rg5 Qa5 31. g4 hxg4 32. fxg4 Qd8 33. gxf5 gxf5 34. Rh5+ Kg7 35.
Rg1+ 1-0

[Event "22ème Open de Saint-Affrique"]
[Site "Saint Affrique (12)"]
[Date "2014.07.22"]
[Round "5.30"]
[White "Van Lerberghe, Luc"]
[Black "Bernard, Anthony"]
[Result "1-0"]
[WhiteElo "1830"]
[BlackElo "1636"]
[PlyCount "73"]
[EventDate "2014.??.??"]
[Source "Sylvain Rivier"]
[SourceDate "2014.07.26"]

1. e4 e5 2. Nf3 Nc6 3. d4 exd4 4. Bc4 Bc5 5. O-O d6 6. c3 d3 7. b4 Bb6 8. Qb3
Qe7 9. Bg5 Nf6 10. Nbd2 Be6 11. a4 a5 12. b5 Nb8 13. e5 dxe5 14. Nxe5 O-O 15.
Rae1 Bxc4 16. Qxc4 Qc5 17. Qxd3 Ng4 18. Qg3 Qxf2+ 19. Rxf2 Bxf2+ 20. Qxf2 Nxf2
21. Bh4 f6 22. Bxf2 fxe5 23. Rxe5 Nd7 24. Rg5 Rf4 25. Bd4 g6 26. Rd5 Nb6 27.
Re5 Nxa4 28. Ne4 Raf8 29. g3 R4f5 30. Re7 R5f7 31. Re6 Rf5 32. Re7 c5 33. bxc6
bxc6 34. Rg7+ Kh8 35. Rxg6+ R8f6 36. Bxf6+ Rxf6 37. Rxf6 1-0

[Event "22ème Open de Saint-Affrique"]
[Site "Saint Affrique (12)"]
[Date "2014.07.22"]
[Round "5.31"]
[White "Del Valle, Clemence"]
[Black "Clair, Michael"]
[Result "0-1"]
[WhiteElo "1627"]
[BlackElo "1806"]
[PlyCount "50"]
[EventDate "2014.??.??"]
[Source "Sylvain Rivier"]
[SourceDate "2014.07.26"]

1. e4 e6 2. d4 d5 3. e5 c5 4. c3 Bd7 5. Be3 cxd4 6. cxd4 Ne7 7. Bd3 Qb6 8. Qd2
Bb5 9. Bxb5+ Qxb5 10. Nc3 Qa6 11. Nge2 Nf5 12. O-O Nc6 13. Rfd1 Be7 14. Bg5 O-O
15. Bxe7 Nfxe7 16. Qg5 b5 17. a4 b4 18. Nb5 Qb6 19. Rac1 f6 20. Qg3 Nf5 21. Qf4
fxe5 22. dxe5 a6 23. Nbd4 Nfxd4 24. Qe3 Nxe2+ 25. Qxe2 Rf5 0-1

[Event "22ème Open de Saint-Affrique"]
[Site "Saint Affrique (12)"]
[Date "2014.07.22"]
[Round "5.32"]
[White "Meyer, Eric"]
[Black "Bouchet, Jean-Louis"]
[Result "0-1"]
[WhiteElo "1622"]
[BlackElo "1795"]
[PlyCount "108"]
[EventDate "2014.??.??"]
[Source "Sylvain Rivier"]
[SourceDate "2014.07.26"]

1. d4 Nf6 2. c4 c5 3. d5 b5 4. cxb5 a6 5. bxa6 Bxa6 6. Nc3 g6 7. Nf3 Bg7 8. Nd2
O-O 9. e4 Bxf1 10. Nxf1 d6 11. Ne3 Nbd7 12. Qe2 Ne8 13. O-O Nb6 14. Rd1 Na4 15.
Rd3 Qc8 16. Nc4 Nxc3 17. bxc3 Qa6 18. Rh3 h5 19. Kf1 Rb8 20. f4 Nf6 21. Rf3 Ng4
22. Kg1 Qb7 23. Qd3 Kh7 24. Na5 Qb6 25. Nc6 c4+ 26. Be3 cxd3 27. Bxb6 Rxb6 28.
Rxd3 e6 29. a4 exd5 30. exd5 Ra8 31. h3 Nf6 32. Nb4 Ra5 33. Ra3 Ne4 34. Na2 Nc5
35. Rf3 Rb1+ 36. Kh2 Rxa4 37. Rxa4 Nxa4 38. c4 Nc5 39. Nc3 Bxc3 40. Rxc3 Kg7
41. g3 Rb2+ 42. Kg1 Rb3 43. Rxb3 Nxb3 44. Kf2 Nd2 45. Ke3 Nxc4+ 46. Kd3 Nb6 47.
Kd4 Kf6 48. Ke4 Nd7 49. g4 Nc5+ 50. Kd4 h4 51. Ke3 g5 52. Kf3 Nd3 53. fxg5+
Kxg5 54. Ke3 Nf4 0-1

[Event "22ème Open de Saint-Affrique"]
[Site "Saint Affrique (12)"]
[Date "2014.07.22"]
[Round "5.33"]
[White "Riviere, Gerard"]
[Black "Esclafit, Pierre"]
[Result "1-0"]
[WhiteElo "1791"]
[BlackElo "1629"]
[PlyCount "59"]
[EventDate "2014.??.??"]
[Source "Sylvain Rivier"]
[SourceDate "2014.07.26"]

1. d4 d5 2. Nf3 Nf6 3. g3 c6 4. Bg2 Bf5 5. O-O e6 6. c4 Nbd7 7. b3 Ne4 8. Nh4
Bg6 9. f3 Nd6 10. c5 Nf5 11. Nxf5 Bxf5 12. e4 Bg6 13. Nc3 Be7 14. exd5 exd5 15.
f4 O-O 16. f5 Bxf5 17. Rxf5 Bf6 18. Bb2 Qa5 19. a3 Rfe8 20. Qg4 g6 21. Raf1
Bxd4+ 22. Kh1 Bxc3 23. b4 Qc7 24. Bxc3 Re7 25. Qd4 f6 26. Rxf6 Nxf6 27. Qxf6
Rg7 28. Bh3 Re8 29. Be6+ Rxe6 30. Qf8# 1-0

[Event "22ème Open de Saint-Affrique"]
[Site "Saint Affrique (12)"]
[Date "2014.07.22"]
[Round "5.34"]
[White "Denechaud, Bernard"]
[Black "Penalver, Francois"]
[Result "1/2-1/2"]
[WhiteElo "1596"]
[BlackElo "1780"]
[PlyCount "115"]
[EventDate "2014.??.??"]
[Source "Sylvain Rivier"]
[SourceDate "2014.07.26"]

1. Nf3 Nf6 2. g3 g6 3. Bg2 Bg7 4. O-O O-O 5. d4 d6 6. c4 Nbd7 7. Nc3 a6 8. e4
e5 9. h3 exd4 10. Nxd4 Re8 11. Be3 Ne5 12. b3 c5 13. Nde2 Rb8 14. Rc1 b5 15.
cxb5 axb5 16. Qc2 Qe7 17. Rfd1 Be6 18. Nf4 Red8 19. Nxe6 fxe6 20. f4 Nf7 21.
Qe2 Qe8 22. Rd2 b4 23. Na4 Qb5 24. Qxb5 Rxb5 25. Rcd1 Rf8 26. Nb2 Bh6 27. Nc4
Ne8 28. Bf1 Rb7 29. Bg2 Rc7 30. Rd3 Ra7 31. R3d2 Ra6 32. Bf1 Ra8 33. Bg2 Rc8
34. Kh2 Bg7 35. Nb6 Rc7 36. Na4 Rb7 37. e5 d5 38. Bxc5 Nc7 39. Bxf8 Bxf8 40.
Rc2 Be7 41. Bf1 Nh6 42. Rdc1 Bd8 43. Rc6 Kf7 44. Rb6 Rxb6 45. Nxb6 Nf5 46. Nd7
Ne8 47. Rc8 Be7 48. Rb8 Ne3 49. Be2 d4 50. g4 Nc7 51. Rb7 Ncd5 52. Kg3 Nc3 53.
Bd3 Nxa2 54. Nf6 Nc1 55. Bb1 Ne2+ 56. Kf3 Ng1+ 57. Kg3 Ne2+ 58. Kf3 1/2-1/2

[Event "22ème Open de Saint-Affrique"]
[Site "Saint Affrique (12)"]
[Date "2014.07.22"]
[Round "5.35"]
[White "Raynal, Adrien"]
[Black "Costa, Anthony"]
[Result "0-1"]
[WhiteElo "1591"]
[BlackElo "1764"]
[PlyCount "62"]
[EventDate "2014.??.??"]
[Source "Sylvain Rivier"]
[SourceDate "2014.07.26"]

1. e4 c5 2. Nf3 Nc6 3. d4 cxd4 4. Nxd4 g6 5. Nc3 Bg7 6. Be3 d6 7. Qd2 Nf6 8. f3
O-O 9. Bc4 a6 10. O-O-O Nxd4 11. Bxd4 b5 12. Bb3 Bd7 13. g4 a5 14. h4 a4 15.
Bd5 b4 16. Bxa8 bxc3 17. Bxc3 Qxa8 18. a3 Rc8 19. h5 Bxg4 20. h6 Nxe4 21. fxe4
Bxc3 22. bxc3 Bxd1 23. Rxd1 Qxe4 24. Re1 Qh4 25. Kb1 Qf6 26. Kb2 d5 27. Re2
Qb6+ 28. Kc1 Qg1+ 29. Re1 Qc5 30. Re3 Qxa3+ 31. Kd1 Qc5 0-1

[Event "22ème Open de Saint-Affrique"]
[Site "Saint Affrique (12)"]
[Date "2014.07.22"]
[Round "5.36"]
[White "Casasnovas, Vincent"]
[Black "Coquelle, Arnaud"]
[Result "0-1"]
[WhiteElo "1562"]
[BlackElo "1760"]
[PlyCount "42"]
[EventDate "2014.??.??"]
[Source "Sylvain Rivier"]
[SourceDate "2014.07.26"]

1. d4 c6 2. Nf3 d5 3. Bf4 Bf5 4. e3 e6 5. h3 Nf6 6. Nbd2 Nbd7 7. c4 Be7 8. c5
O-O 9. Be2 Ne4 10. Rc1 Qa5 11. Qb3 e5 12. Bxe5 Nxe5 13. dxe5 Nxc5 14. Qc3 Qxa2
15. O-O Ne4 16. Nxe4 dxe4 17. Ra1 Qe6 18. Bc4 Qg6 19. Bxf7+ Rxf7 20. e6 Qxe6
21. Ne5 Bf6 0-1

[Event "22ème Open de Saint-Affrique"]
[Site "Saint Affrique (12)"]
[Date "2014.07.22"]
[Round "5.37"]
[White "Lecoultre, Patrick"]
[Black "Leblic, Pierre"]
[Result "1-0"]
[WhiteElo "1702"]
[BlackElo "1620"]
[PlyCount "81"]
[EventDate "2014.??.??"]
[Source "Sylvain Rivier"]
[SourceDate "2014.07.26"]

1. d4 Nf6 2. Nf3 g6 3. Nc3 d5 4. Bf4 Bg7 5. e3 c6 6. Be2 O-O 7. O-O Bg4 8. h3
Bxf3 9. Bxf3 Nbd7 10. Re1 Rc8 11. Qd2 e5 12. Bh2 e4 13. Be2 h5 14. f3 Bh6 15.
Bf4 Bxf4 16. exf4 e3 17. Qd3 Qc7 18. Nd1 Qxf4 19. Bf1 Rce8 20. Rxe3 Rxe3 21.
Qxe3 Qxe3+ 22. Nxe3 Re8 23. Kf2 Nf8 24. c3 Ne6 25. h4 Kg7 26. b4 Nc7 27. a4 a6
28. a5 Ne6 29. Rc1 Nc7 30. Nc2 Re1 31. Nxe1 Ne6 32. Nd3 Nd7 33. Ke3 f6 34. g3
Kf7 35. Bh3 f5 36. Ne5+ Nxe5 37. dxe5 c5 38. f4 d4+ 39. cxd4 cxd4+ 40. Kd3 Ke7
41. Bg2 1-0

[Event "22ème Open de Saint-Affrique"]
[Site "Saint Affrique (12)"]
[Date "2014.07.22"]
[Round "5.38"]
[White "Jackson, Thomas"]
[Black "Pottier, Simeon"]
[Result "1-0"]
[WhiteElo "1694"]
[BlackElo "1619"]
[PlyCount "21"]
[EventDate "2014.??.??"]
[Source "Sylvain Rivier"]
[SourceDate "2014.07.26"]

1. d4 Nf6 2. Bg5 Ne4 3. Bf4 c5 4. f3 Nf6 5. d5 d6 6. c4 g6 7. Nc3 Bg7 8. e4 O-O
9. Bd3 Nbd7 10. Nge2 Ne8 11. h3 {suite illisible} 1-0

[Event "22ème Open de Saint-Affrique"]
[Site "Saint Affrique (12)"]
[Date "2014.07.22"]
[Round "5.39"]
[White "Noireaut, Hoan"]
[Black "Soblechero, Hugo"]
[Result "1-0"]
[WhiteElo "1674"]
[BlackElo "1575"]
[PlyCount "44"]
[EventDate "2014.??.??"]
[Source "Sylvain Rivier"]
[SourceDate "2014.07.26"]

1. e4 c5 2. Nc3 d6 3. d3 Nf6 4. g3 g6 5. Bg2 Bg7 6. h3 O-O 7. Be3 Nc6 8. Qd2
Re8 9. Nge2 a6 10. O-O Bd7 11. f4 Rb8 12. g4 e6 13. Ng3 Re7 14. f5 exf5 15.
exf5 Qe8 16. Bh6 Qf8 17. Bxg7 Qxg7 18. g5 gxf5 19. gxf6 Qxf6 20. Kh1 Qg6 21.
Qf4 Nd4 22. Nd5 Re5 1-0

[Event "22ème Open de Saint-Affrique"]
[Site "Saint Affrique (12)"]
[Date "2014.07.22"]
[Round "5.40"]
[White "Brin-Vervat, Emma"]
[Black "Nguyen, Gael"]
[Result "0-1"]
[WhiteElo "1541"]
[BlackElo "1670"]
[PlyCount "71"]
[EventDate "2014.??.??"]
[Source "Sylvain Rivier"]
[SourceDate "2014.07.26"]

1. e4 c5 2. c3 d5 3. exd5 Qxd5 4. d4 Nc6 5. Be3 cxd4 6. cxd4 e6 7. Nc3 Qd8 8.
Nf3 Nf6 9. a3 Be7 10. Bc4 O-O 11. O-O Nd5 12. Qd2 Nxc3 13. Qxc3 Bf6 14. Rfd1
Ne7 15. Qd2 Nd5 16. Bg5 Bxg5 17. Nxg5 h6 18. Nf3 b6 19. Ne5 Bb7 20. Rac1 Ne7
21. Rc3 Qd6 22. Rg3 Rad8 23. Qxh6 Nf5 24. Qg5 Qxe5 25. Rg4 Qb8 26. Bd3 Rxd4 27.
Rxd4 Nxd4 28. Qh5 f5 29. g4 Be4 30. Bxe4 Ne2+ 31. Kf1 fxe4 32. Kxe2 Qf4 33. Qh4
Qf3+ 34. Ke1 e3 35. h3 exf2+ 36. Qxf2 0-1

[Event "22ème Open de Saint-Affrique"]
[Site "Saint Affrique (12)"]
[Date "2014.07.22"]
[Round "5.41"]
[White "Jackson, Daniel"]
[Black "Fosse, Jean-Claude"]
[Result "1-0"]
[WhiteElo "1657"]
[BlackElo "1465"]
[PlyCount "73"]
[EventDate "2014.??.??"]
[Source "Sylvain Rivier"]
[SourceDate "2014.07.26"]

1. d4 Nf6 2. Nf3 c5 3. d5 g6 4. c4 b5 5. cxb5 a6 6. e3 axb5 7. Bxb5 Bg7 8. Nc3
O-O 9. O-O d6 10. Re1 Ng4 11. h3 Ne5 12. Nxe5 Bxe5 13. f4 Bg7 14. e4 Bd4+ 15.
Be3 Bxe3+ 16. Rxe3 Ba6 17. Bxa6 Nxa6 18. g4 Qd7 19. Qe2 Rfb8 20. f5 Nc7 21. Rf1
Nb5 22. Nxb5 Qxb5 23. Qxb5 Rxb5 24. Rb3 Rab8 25. Rxb5 Rxb5 26. Rf2 Rb4 27. Re2
Kg7 28. Kf2 Kf6 29. Kf3 g5 30. b3 Ke5 31. Re3 e6 32. fxe6 fxe6 33. dxe6 Kxe6
34. Rd3 Rd4 35. Rxd4 cxd4 36. Ke2 Ke5 37. Kd3 1-0

[Event "22ème Open de Saint-Affrique"]
[Site "Saint Affrique (12)"]
[Date "2014.07.22"]
[Round "5.42"]
[White "Fabre, Jean-Michel"]
[Black "Criticos, Kris"]
[Result "0-1"]
[WhiteElo "1337"]
[BlackElo "1656"]
[PlyCount "65"]
[EventDate "2014.??.??"]
[Source "Sylvain Rivier"]
[SourceDate "2014.07.26"]

1. d4 Nf6 2. c4 g6 3. Nc3 Bg7 4. Nf3 O-O 5. Bd2 d6 6. Qc1 c5 7. d5 Na6 8. Bh6
Rb8 9. Bxg7 Kxg7 10. e3 Qa5 11. Be2 Ne4 12. O-O Nxc3 13. Qxc3+ Qxc3 14. bxc3
Nc7 15. Rab1 e6 16. dxe6 Bxe6 17. Rfd1 Rfd8 18. Ng5 b6 19. Rb2 h6 20. Ne4 d5
21. cxd5 Rxd5 22. Rbd2 Rbd8 23. Kf1 Rxd2 24. Nxd2 Bxa2 25. Ke1 Be6 26. Ra1 a6
27. c4 f5 28. Kd1 Kf6 29. Kc2 g5 30. Kc3 g4 31. Rb1 Rd6 32. Ra1 Ke7 33. Rb1 {
suite illisible} 0-1

[Event "22ème Open de Saint-Affrique"]
[Site "Saint Affrique (12)"]
[Date "2014.07.22"]
[Round "5.43"]
[White "Boulier, Rene"]
[Black "Mouton, Aline"]
[Result "1-0"]
[WhiteElo "1651"]
[BlackElo "1010"]
[PlyCount "51"]
[EventDate "2014.??.??"]
[Source "Sylvain Rivier"]
[SourceDate "2014.07.26"]

1. e4 e5 2. Bc4 Nf6 3. Nc3 Bc5 4. Nf3 d6 5. O-O Bg4 6. a3 O-O 7. h3 Bh5 8. d3
Nc6 9. Be3 Bxe3 10. fxe3 Qd7 11. Qe1 a6 12. Nh4 b5 13. Ba2 Na5 14. Qg3 c5 15.
Rxf6 Rfc8 16. Nd5 b4 17. Raf1 Qa4 18. Ne7+ Kf8 19. Nxc8 Rxc8 20. axb4 cxb4 21.
Bxf7 Qxc2 22. Bb3+ Ke8 23. Bxc2 Rxc2 24. Qxg7 Bf7 25. Rxf7 Rc7 26. Rf8# 1-0

[Event "22ème Open de Saint-Affrique"]
[Site "Saint Affrique (12)"]
[Date "2014.07.22"]
[Round "5.44"]
[White "Espiau Dubois, Louis"]
[Black "Carno, Matthias"]
[Result "0-1"]
[WhiteElo "1577"]
[BlackElo "1897"]
[PlyCount "78"]
[EventDate "2014.??.??"]
[Source "Sylvain Rivier"]
[SourceDate "2014.07.26"]

1. e4 e5 2. Nf3 Nc6 3. d4 exd4 4. Bc4 d6 5. Nxd4 Nf6 6. Nc3 Be7 7. Nxc6 bxc6 8.
O-O O-O 9. Bg5 Nd7 10. Bxe7 Qxe7 11. Re1 Ne5 12. Bb3 Be6 13. Bxe6 fxe6 14. Qe2
Qg5 15. Kh1 Rf6 16. f3 Raf8 17. Rf1 Ng6 18. Rad1 Nf4 19. Qd2 Qh5 20. Ne2 Rh6
21. h4 Qxh4+ 22. Kg1 Qh2+ 23. Kf2 Qxg2+ 24. Ke3 Qxe2+ 25. Qxe2 Nxe2 26. Kxe2
Rh2+ 27. Kd3 e5 28. Rd2 Rxd2+ 29. Kxd2 d5 30. exd5 cxd5 31. c4 c6 32. cxd5 cxd5
33. b4 Rc8 34. Rc1 Rxc1 35. Kxc1 Kf7 36. Kd2 Ke6 37. Kc3 g5 38. a4 Kd6 39. Kd3
h5 0-1

[Event "22ème Open de Saint-Affrique"]
[Site "Saint Affrique (12)"]
[Date "2014.07.22"]
[Round "5.45"]
[White "Grimault, Nathan"]
[Black "Degraeve, Thomas"]
[Result "1-0"]
[WhiteElo "1820"]
[BlackElo "1559"]
[PlyCount "47"]
[EventDate "2014.??.??"]
[Source "Sylvain Rivier"]
[SourceDate "2014.07.26"]

1. c4 e5 2. Nf3 Nc6 3. d4 exd4 4. Nxd4 Bb4+ 5. Bd2 Bxd2+ 6. Qxd2 Nge7 7. Nc3
O-O 8. g3 b6 9. Bg2 Bb7 10. O-O Qc8 11. e4 d6 12. Nc2 Ne5 13. Ne3 f5 14. f4 Nd7
15. Ned5 Nxd5 16. Nxd5 Qd8 17. exf5 Rxf5 18. Rfe1 Rf7 19. Re2 Kh8 20. Rae1 Rf8
21. Qc3 c6 22. Re7 Rg8 23. Nb4 Qc8 24. Bh3 1-0

[Event "22ème Open de Saint-Affrique"]
[Site "Saint Affrique (12)"]
[Date "2014.07.22"]
[Round "5.47"]
[White "Viguie, Serge"]
[Black "Pont, Frederic"]
[Result "0-1"]
[WhiteElo "1783"]
[BlackElo "1527"]
[PlyCount "60"]
[EventDate "2014.??.??"]
[Source "Sylvain Rivier"]
[SourceDate "2014.07.26"]

1. e4 c5 2. Nf3 Nc6 3. d4 cxd4 4. Nxd4 Nf6 5. Nc3 e5 6. Ndb5 d6 7. Bg5 a6 8.
Bxf6 gxf6 9. Na3 b5 10. Nd5 Be7 11. Qd2 f5 12. Qc3 Bd7 13. exf5 Nd4 14. Nc7+
Kf8 15. Nxa8 Qxa8 16. O-O-O b4 17. Qxb4 Qe4 18. Bd3 Ne2+ 19. Bxe2 Qxb4 20. Nc4
Bxf5 21. a3 Qa4 22. b3 Qc6 23. g4 Be4 24. Rdg1 d5 25. f3 dxc4 26. fxe4 cxb3 27.
c4 Bxa3+ 28. Kb1 Qxe4+ 29. Bd3 Qe3 30. Bf5 Qf2 0-1

[Event "22ème Open de Saint-Affrique"]
[Site "Saint Affrique (12)"]
[Date "2014.07.22"]
[Round "5.48"]
[White "Gachon, Valentin"]
[Black "Joyeux, Gerard"]
[Result "0-1"]
[WhiteElo "1301"]
[BlackElo "1692"]
[PlyCount "96"]
[EventDate "2014.??.??"]
[Source "Sylvain Rivier"]
[SourceDate "2014.07.26"]

1. e4 c5 2. Nf3 a6 3. c3 d6 4. d4 cxd4 5. cxd4 e6 6. Nc3 Be7 7. Bc4 Nf6 8. Bg5
b5 9. Bb3 Bd7 10. O-O b4 11. Bxf6 Bxf6 12. Ne2 O-O 13. Rc1 a5 14. Qd3 e5 15.
Kh1 Bg4 16. Bd5 Ra7 17. dxe5 dxe5 18. Nfg1 Kh8 19. f3 Bh5 20. Ng3 Bg6 21. Qc4
Nd7 22. Rfd1 Qb8 23. N1e2 Nb6 24. Qb5 Bg5 25. Rc5 f6 26. Bb3 Be8 27. Qd3 Ba4
28. Bxa4 Nxa4 29. Rb5 Qe8 30. Rb1 Rd7 31. Qc2 Rd1+ 32. Rxd1 Qxb5 33. Rd5 Qe8
34. Rxa5 Nb6 35. Qc5 Qd8 36. Qxb4 Bd2 37. Qc5 Bxa5 38. Qxa5 Qd1+ 39. Ng1 Qd8
40. N3e2 Qb8 41. Qb4 Rd8 42. Qb3 h6 43. a4 Qa7 44. a5 Nd7 45. Nc3 Rb8 46. Qa3
Nc5 47. b4 Nd3 48. Nd5 Nf2# 0-1

[Event "22ème Open de Saint-Affrique"]
[Site "Saint Affrique (12)"]
[Date "2014.07.22"]
[Round "5.49"]
[White "Robic, Damien"]
[Black "Caudrelier, Pierre"]
[Result "1-0"]
[WhiteElo "1663"]
[BlackElo "1510"]
[PlyCount "92"]
[EventDate "2014.??.??"]
[Source "Sylvain Rivier"]
[SourceDate "2014.07.26"]

1. e4 e5 2. Nf3 Nc6 3. Nc3 Bc5 4. Nxe5 Bxf2+ 5. Kxf2 Nxe5 6. d4 Ng6 7. Qf3 Qf6
8. Qxf6 Nxf6 9. Bc4 O-O 10. Rf1 d6 11. Kg1 Be6 12. Bd3 h6 13. Nb5 Ne8 14. d5
Bd7 15. Be3 Bxb5 16. Bxb5 Nf6 17. Bd3 Rfe8 18. Bxh6 Nxe4 19. Rae1 gxh6 20. Bxe4
Ne5 21. Bf5 Re7 22. Re3 Kg7 23. Rg3+ Ng6 24. h4 h5 25. Rg5 Kh6 26. Bxg6 fxg6
27. Rf6 Rg8 28. Kf2 Re4 29. g3 Rg4 30. Rxg4 hxg4 31. Rf7 Rg7 32. Rxg7 Kxg7 33.
Ke3 Kf6 34. Kf4 Kg7 35. Kxg4 Kh6 36. Kf4 Kh5 37. b4 a6 38. a4 b6 39. c4 a5 40.
b5 Kh6 41. g4 Kh7 42. Kg5 Kg7 43. h5 gxh5 44. gxh5 Kh7 45. h6 Kg8 46. Kg6 Kh8
1-0

[Event "22ème Open de Saint-Affrique"]
[Site "Saint Affrique (12)"]
[Date "2014.07.22"]
[Round "5.50"]
[White "Dubertrand, Bernard"]
[Black "Combes, Angelino"]
[Result "1-0"]
[WhiteElo "1647"]
[BlackElo "1318"]
[PlyCount "79"]
[EventDate "2014.??.??"]
[Source "Sylvain Rivier"]
[SourceDate "2014.07.26"]

1. e4 e5 2. Nf3 d6 3. Bc4 Nf6 4. Ng5 Be6 5. Bxe6 fxe6 6. Nxe6 Qe7 7. Nxf8 Rxf8
8. d3 Nc6 9. Nc3 O-O-O 10. Bg5 Nd4 11. Nd5 Qf7 12. Nxf6 gxf6 13. Be3 Rg8 14. g3
Qd7 15. c3 Nc6 16. h4 Qg4 17. b4 Qxd1+ 18. Kxd1 d5 19. exd5 Rxd5 20. Ke2 Rgd8
21. Rhd1 f5 22. Bg5 Re8 23. a4 e4 24. d4 Ne7 25. c4 Rd7 26. b5 b6 27. a5 Kb7
28. axb6 cxb6 29. c5 Kc8 30. c6 Rc7 31. Bf4 Nd5 32. Bxc7 Nc3+ 33. Ke1 e3 34.
Rd3 exf2+ 35. Kxf2 Ne4+ 36. Kf3 Kxc7 37. Rxa7+ Kd6 38. Rd7+ Ke6 39. Kf4 Nf6 40.
d5+ 1-0

[Event "22ème Open de Saint-Affrique"]
[Site "Saint Affrique (12)"]
[Date "2014.07.22"]
[Round "5.52"]
[White "Jackson, Edgar"]
[Black "Grimault, Stephanie"]
[Result "1-0"]
[WhiteElo "1602"]
[BlackElo "1274"]
[PlyCount "79"]
[EventDate "2014.??.??"]
[Source "Sylvain Rivier"]
[SourceDate "2014.07.26"]

1. d4 e6 2. c4 b6 3. Nf3 Bb7 4. g3 Nf6 5. Bg2 d5 6. O-O h6 7. b3 c5 8. Ba3 Nbd7
9. Nbd2 Qc7 10. cxd5 Bxd5 11. Re1 Bd6 12. e4 Nxe4 13. Nxe4 Bxe4 14. Rxe4 Nf6
15. Re2 Rd8 16. Qc2 O-O 17. dxc5 bxc5 18. Bb2 e5 19. Bxe5 Bxe5 20. Rxe5 Nd7 21.
Re2 Nf6 22. Rc1 Rd5 23. Nd2 Re5 24. Rxe5 Qxe5 25. Nf3 Qd6 26. Qxc5 Qd8 27. Qxa7
Re8 28. Qd4 Qa8 29. a4 Qa6 30. Bf1 Qb7 31. Nd2 Ne4 32. Nxe4 Rxe4 33. Qd8+ Kh7
34. Bd3 f5 35. Bxe4 fxe4 36. Qd1 Qa7 37. Rc4 e3 38. Qd3+ g6 39. fxe3 Qg7 40.
Qc3 1-0

[Event "22ème Open de Saint-Affrique"]
[Site "Saint Affrique (12)"]
[Date "2014.07.22"]
[Round "5.53"]
[White "Antos, Claude"]
[Black "Galy, Christian"]
[Result "0-1"]
[WhiteElo "1499"]
[BlackElo "1314"]
[PlyCount "69"]
[EventDate "2014.??.??"]
[Source "Sylvain Rivier"]
[SourceDate "2014.07.26"]

1. e4 g6 2. Nf3 d6 3. Bc4 e6 4. d3 Bg7 5. Ng5 Nc6 6. Qf3 Ne5 7. Qf4 f6 8. Nxe6
Bxe6 9. Bxe6 Qe7 10. Bd5 c6 11. Bb3 Bh6 12. Qg3 Bxc1 13. O-O Bxb2 14. Nd2 Bd4
15. Rab1 Nh6 16. h3 Qd7 17. Qf4 Neg4 18. hxg4 Nxg4 19. Nf3 Bxf2+ 20. Rxf2 Nxf2
21. Kxf2 Rf8 22. Rh1 Rf7 23. Bxf7+ Qxf7 24. Qxd6 Rd8 25. Qf4 Rd7 26. Qb8+ Rd8
27. Qxa7 h5 28. g4 Rd7 29. gxh5 gxh5 30. Rb1 Qh7 31. Rh1 b5 32. Qa8+ Rd8 33.
Qxc6+ Qd7 34. Qxf6 Qd4+ 35. Ke2 {suite illisible} 0-1

[Event "22ème Open de Saint-Affrique"]
[Site "Saint Affrique (12)"]
[Date "2014.07.22"]
[Round "5.54"]
[White "Cellier-Valencia, Lucie"]
[Black "Leost, Joel"]
[Result "0-1"]
[WhiteElo "1312"]
[BlackElo "1445"]
[PlyCount "140"]
[EventDate "2014.??.??"]
[Source "Sylvain Rivier"]
[SourceDate "2014.07.26"]

1. e4 c5 2. Nf3 Nc6 3. Bc4 e6 4. Nc3 Nge7 5. d3 a6 6. a4 b6 7. Ng5 h6 8. Nh3 d5
9. exd5 exd5 10. Bb3 Nd4 11. O-O Bxh3 12. gxh3 Qd7 13. Kh1 Qxh3 14. Bxd5 Nxd5
15. Nxd5 Bd6 16. Bf4 Bxf4 17. Nxf4 Qh4 18. Qe1+ Kf8 19. Nd5 Nf3 20. Qe7+ Qxe7
21. Nxe7 Kxe7 22. Kg2 Ng5 23. Rfe1+ Kd6 24. f4 Ne6 25. f5 Nd4 26. Kg3 Nxc2 27.
Rac1 Nxe1 28. Rxe1 Rhe8 29. Rd1 Re2 30. b3 Ke5 31. Kf3 Rxh2 32. Kg4 Rd8 33. Kg3
Rb2 34. Kg4 Rxb3 35. Ra1 Rd4+ 36. Kh5 Kxf5 37. a5 Rbb4 38. Rh1 g6+ 39. Kxh6 Kf6
40. Kh7 Rd8 41. axb6 Rxb6 42. Rh3 Rbb8 43. Rf3+ Ke6 44. Kh6 Rh8+ 45. Kg5 Rh5+
46. Kg4 Rb4+ 47. Kg3 f5 48. Re3+ Kd5 49. Kf3 Rh3+ 50. Kg2 Rxe3 51. Kf2 Kd4 52.
Kg2 Rb2+ 53. Kf1 g5 54. Kg1 g4 55. Kh1 g3 56. Kg1 g2 57. Kh2 g1=Q+ 58. Kxg1 a5
59. Kf1 a4 60. Kg1 a3 61. Kf1 a2 62. Kg1 a1=N 63. Kf1 Kc3 64. Kg1 Nc2 65. d4
Ne1 66. d5 Nf3+ 67. Kf1 Nh2+ 68. Kg1 Rg3+ 69. Kh1 Rh3 70. d6 Nf3# 0-1

[Event "22ème Open de Saint-Affrique"]
[Site "Saint Affrique (12)"]
[Date "2014.07.22"]
[Round "5.55"]
[White "Raynal, Etienne"]
[Black "Salvador, Lucie"]
[Result "0-1"]
[WhiteElo "1286"]
[BlackElo "1437"]
[PlyCount "65"]
[EventDate "2014.??.??"]
[Source "Sylvain Rivier"]
[SourceDate "2014.07.26"]

1. e4 e5 2. Nf3 Nc6 3. Bb5 Bc5 4. O-O Nge7 5. Re1 d6 6. h3 O-O 7. c3 a6 8. Ba4
Be6 9. Bxc6 Nxc6 10. d4 exd4 11. cxd4 Bb4 12. Bd2 Bxd2 13. Qxd2 d5 14. Nc3 dxe4
15. Rxe4 Nb4 16. a3 Nd5 17. Nxd5 Bxd5 18. Re3 Qd7 19. Nh2 Bc6 20. Rg3 f6 21.
Ng4 Qd8 22. Qc3 Bd5 23. Rc1 h5 24. Ne3 c6 25. Nxd5 Qxd5 26. Qd3 Qd6 27. Qd1 Kf7
28. Qd3 Rad8 29. Rc5 Qxc5 30. dxc5 Rxd3 31. Rxd3 Kg6 32. Rd7 Rb8 33. b4 {suite
illisible} 0-1

[Event "22ème Open de Saint-Affrique"]
[Site "Saint Affrique (12)"]
[Date "2014.07.22"]
[Round "5.56"]
[White "Guerin, Tristan"]
[Black "Zachary, Caroline"]
[Result "1-0"]
[WhiteElo "1417"]
[BlackElo "1307"]
[PlyCount "41"]
[EventDate "2014.??.??"]
[Source "Sylvain Rivier"]
[SourceDate "2014.07.26"]

1. e4 c5 2. Nf3 e6 3. b3 Nc6 4. Bb2 d5 5. exd5 exd5 6. d4 b6 7. dxc5 bxc5 8.
Bb5 Bb7 9. O-O Nf6 10. Ne5 Rc8 11. Re1 Be7 12. Qe2 a6 13. Nxc6 Bxc6 14. Bxa6
Rc7 15. Bxf6 gxf6 16. Nc3 Rg8 17. Bd3 d4 18. Ne4 Qd5 19. Nxf6+ Kf8 20. Nxd5
Bxd5 21. Be4 1-0